Statistiques concernant One Piece à qui appartiennent ces primes?

Cliquez ici pour prendre le quiz!

Statistiques générales

  • Ce quiz a été pris 291 fois
    (282 depuis la dernière actualisation)
  • Le résultat moyen est 65 sur 134

Statistiques - réponses

HintRéponse% Correct
3.000.000.000Monkey D. Luffy
99%
4.388.000.000Charlotte Linlin
98%
5.564.800.000Gol D. Roger
98%
4.048.900.000Shanks
98%
5.046.000.000Edward Newgate
97%
4.611.000.000Kaido
97%
1.111.000.000Roronoa Zoro
97%
3.996.000.000Marshall D. Teach
96%
1.032.000.000Vinsmoke Sanji
96%
3.189.000.000Baggy
94%
3.000.000.000Trafalgar D. Water Law
94%
3.590.000.000Dracule Mihawk
93%
3.000.000.000Eustass Kidd
93%
1.965.000.000Crocodile
92%
1.100.000.000Jinbe
92%
366.000.000Nami
91%
1.000Tony Tony Chopper
91%
1.057.000.000Charlotte Katakuri
90%
1.390.000.000King
90%
930.000.000Nico Robin
90%
1.320.000.000Queen
90%
500.000.000Usopp
89%
1.659.000.000Boa Hancock
87%
1.374.000.000Marco
86%
383.000.000Brook
85%
394.000.000Franky
85%
1.000.000.000Jack
85%
550.000.000Portgas D. Ace
85%
602.000.000Sabo
82%
340.000.000Donquijote Doflamingo
81%
860.000.000Charlotte Cracker
77%
932.000.000Charlotte Smoothie
77%
320.000.000Gecko Moria
77%
140.000.000Jewerly Bonney
74%
296.000.000Bartolomew Kuma
73%
500Bepo
73%
320.000.000Basil Hawkins
70%
700.000.000Charlotte Perospero
70%
200.000.000Killer
70%
222.000.000X-Drake
70%
108.000.000Urouge
69%
20.000.000Arlong
67%
350.000.000Scratchmen Apoo
65%
350.000.000Capon Bege
63%
200.000.000Bartolomeo
58%
24.000.000Galdino
57%
400.000.000Ulti
57%
480.000.000Black Maria
56%
330.000.000Cavendish
55%
75.000.000Daz Bonez
55%
99.000.000Pica
55%
546.000.000Who's Who
55%
32.000.000Bentham
54%
195.000.000Bellamy
53%
300.000.000César Clown
53%
10.000.000Gem
53%
5.000.000Alvida
52%
17.000.000Don krieg
52%
290.000.000Page One
52%
3.200.000Babe
51%
300.000.000Charlotte Oven
50%
16.000.000Kuro
50%
99.000.000Trébol
50%
472.000.000Sasaki
49%
300.000.000Charlotte Daifuku
45%
600.000.000Charlotte Snack
44%
382.000.000Pedro
43%
330.000.000Pekoms
43%
510.000.000Izo
42%
429.000.000Baron Delœf
39%
210.000.000Caribou
39%
500.000.000Don Chinjao
39%
120.000.000Charlotte Mont d'Or
38%
550.000.000Little Oz Jr.
38%
100.000.000Brogy
37%
100.000.000Dorry
37%
8.000.000Higuma
37%
14.000.000Drophy
36%
480.000.000Edward Weeble
35%
230.000.000Fisher Tiger
35%
457.000.000Belo Betty
34%
29.000.000Marianne
34%
35.000.000Zala
34%
210.000.000Don Sai
33%
24.000.000Foxy
33%
400.000.000Karasu
33%
58.000.000Señor Pink
33%
12.000.000Gin
32%
7.500.000Mikita
31%
15.000.000Dellinger
30%
8.000.000Octy
30%
293.000.000Morley
29%
190.000.000Coribou
28%
9.000.000Jango
28%
61.000.000Lao G
27%
40.000.000Boa Sandersonia
26%
31.000.000Gladius
26%
316.000.000Lindbergh
26%
40.000.000Boa Marigold
25%
20.000.000Rock
25%
5.500.000Smack
25%
72.000.000Doc Q.
23%
11.000.000Machvise
23%
64.000.000Van Augur
23%
105.500.000Bobbin
21%
148.000.000Orlumbus
21%
38.000.000Sarquiss
21%
80.060.000Barbe Brune
20%
9.000.000Kuroobi
20%
42.200.000Laffite
20%
210.000.000Squardo
18%
99.000.000Diamente
17%
94.000.000Rockstar
17%
14.300.000Bluejam
16%
26.000.000Demalo Black
16%
25.000.000Montblanc Cricket
15%
36.000.000Shôjô
15%
52.000.000Barbe Rose
14%
57.000.000Kelly Funk
14%
23.000.000Masira
14%
3.400.000Porchemy
14%
20.000.000Scotch
13%
95.000.000Vito
13%
67.000.000Suleiman
12%
92.000.000Albion
11%
42.000.000Roshio
11%
67.000.000Gambia
10%
90.000.000Gotti
10%
88.000.000Lip Doughty
10%
36.000.000Boby Funk
9%
60.000.000Devil Dias
9%
36.000.000Mikazuki
9%
73.000.000Gyro
8%
7.000.000Buchi et Sham
1%

Distribution des résultats

Percentile par nombre de réponses

% des personnes avec chaque résultat

Votre développement - résultats

Vous n’avez pas pris ce quiz depuis la dernière actualisation